Music Quiz

Random Music or Billboard Quiz

Top 10 Hit Acts 5 Quiz Stats

 Plays Quiz not verified by Sporcle

Score 0/194 Timer 20:00
0 Plays Today
Group/Artist(s) % Correct
Madonna
93.1%
Prince
90.8%
Cyndi Lauper
90.5%
Paul McCartney & Wings
89.8%
George Michael
89.1%
Queen
88.8%
Kenny Rogers
88.5%
U2
88.2%
Lionel Richie
87.8%
Van Halen
87.8%
Men at Work
87.2%
Bruce Springsteen
87.2%
New Kids on the Block
86.5%
The Police
85.9%
Poison
84.2%
Sting
84.2%
Diana Ross
83.9%
Olivia Newton-John
83.6%
John Lennon
83.2%
New Edition
83.2%
Dolly Parton
82.6%
Barbra Streisand
82.2%
Men Without Hats
81.9%
Patti LaBelle
80.9%
Tears for Fears
80.9%
Toto
80.9%
Julian Lennon
80.6%
Michael McDonald
80.3%
John Cougar Mellencamp
79.3%
Milli Vanilli
79.3%
Stevie Nicks
79.3%
Pink Floyd
79.3%
The Rolling Stones
79.3%
Styx
79.3%
Juice Newton
78.9%
Pet Shop Boys
78.6%
Vangelis
78.6%
Kenny Loggins
78.3%
Eddie Rabbitt
78.3%
Steve Miller Band
78%
Rick Springfield
78%
Donna Summer
78%
Starship
77.6%
Roger
77.3%
Bonnie Tyler
76.6%
Billy Ocean
76.3%
REO Speedwagon
76.3%
UB40
76.3%
Ozzy Osbourne
75.7%
Annie Lennox
75%
Huey Lewis and the News
74.7%
Linda Ronstadt
74.3%
Tiffany
74.3%
The Pretenders
74%
Richard Marx
73.7%
Bette Midler
73.7%
Bob Seger
73.7%
Christine McVie
73.4%
Robert Palmer
73.4%
Tom Petty and the Heartbreakers
73.4%
Tina Turner
73.4%
Martika
73%
Mike + the Mechanics
73%
Michael Sembello
72.4%
Rod Stewart
72.4%
Group/Artist(s) % Correct
Los Lobos
71.1%
Sheila E.
71.1%
Pointer Sisters
70.7%
'Til Tuesday
70.4%
Bill Medley
70.1%
Sade
69.7%
T'Pau
69.7%
Mr. Mister
69.4%
Ray Paker Jr. & Raydio
69.4%
Steve Perry
68.8%
Survivor
68.8%
Tracey Ullman
68.8%
Willie Nelson
68.4%
Ready for the World
68.4%
Cliff Richard
68.4%
The Manhattans
68.1%
Level 42
67.8%
Stars on 45
67.8%
Rockwell
67.4%
Simple Minds
67.4%
Simply Red
67.4%
Joey Scarbury
67.1%
Motley Crue
66.8%
Sergio Mendes
66.4%
Aaron Neville
66.4%
Dusty Springfield
66.4%
Lipps, Inc.
66.1%
Quaterflash
65.8%
Alan Parsons Project
65.5%
Orchestral Manoeuvres in the Dark
65.1%
Pretty Poison
65.1%
Roxette
65.1%
USA for Africa
65.1%
Tone Loc
64.5%
Bobby McFerrin
64.1%
The Motels
64.1%
Soft Cell
64.1%
Spandau Ballet
64.1%
Gary Numan
63.8%
Tommy Tutone
63.8%
Sheriff
63.5%
Naked Eyes
62.5%
Night Ranger
62.5%
Melissa Manchester
62.2%
Oak Ridge Boys
62.2%
Shannon
62.2%
The Manhattan Transfer
61.8%
The Moody Blues
61.8%
The Romantics
61.8%
Spinners
61.2%
Taco
60.9%
Little River Band
60.5%
Nena
60.5%
Robbie Nevil
60.2%
Roy Orbison
60.2%
Quiet Riot
60.2%
Stray Cats
60.2%
Run-D.M.C.
59.5%
Keith Sweat
59.5%
David Lee Roth
59.2%
Billy Preston
58.9%
Billy Vera & the Beaters
58.9%
Madness
58.6%
Syreeta
58.6%
Pseudo Echo
58.2%
Group/Artist(s) % Correct
Skid Row
57.9%
A Taste of Honey
57.9%
Technotronic
57.6%
Levert
57.2%
Eddie Money
57.2%
Nu Shooz
56.9%
R.E.M.
56.9%
Ronnie Milsap
56.3%
Eddie Murphy
56.3%
Paul Simon
56.3%
Gino Vannelli
56.3%
Barry Manilow
55.9%
Shalamar
55.6%
Loverboy
55.3%
Musical Youth
55.3%
John Parr
54.9%
Kylie Minogue
54.6%
Stacey Q
54.3%
The Power Station
53.9%
Pebbles
53.3%
Pete Townshend
52.6%
Gloria Loring & Carl Anderson
52.3%
Soul II Soul
52.3%
Marilyn Martin
52%
Swing Out Sister
52%
Lisa Lisa and Cult Jam
51.6%
Leo Sayer
51.3%
Love and Rockets
51%
Suzanne Vega
50.7%
Frank Stallone
50%
Mike Reno & Ann Wilson
49.7%
Vonda Shepard
49.3%
Regina
49%
Surface
48.4%
Sly Fox
48%
Delbert McClinton
47.7%
Thompson Twins
47.4%
The Outfield
46.7%
Smokey Robinson
46.7%
The S.O.S. Band
46.7%
Don McLean
45.7%
Jermaine Stewart
45.7%
Patrick Swayze
45.7%
Scandal
44.7%
Timex Social Club
43.1%
Steely Dan
41.1%
Johnny Lee
40.5%
The Tubes
40.5%
Ollie & Jerry
39.8%
Ray, Goodman & Brown
39.5%
Stephanie Mills
38.5%
Donny Osmond
38.2%
Talking Heads
38.2%
Mary Jane Girls
37.2%
Brenda Russell
37.2%
36.8%
Mike Post
36.2%
Pure Prairie League
35.9%
The System
35.2%
Teena Marie
34.2%
Jimmy Ruffin
34.2%
38 Special
33.6%
Synch
32.2%
Royal Philharmonic Orchestra
31.6%

You're not logged in!

Compare scores with friends on all Sporcle quizzes.
OR
Log In

Show Comments

Extras

Top Quizzes Today


Score Distribution

Your Account Isn't Verified!

In order to create a playlist on Sporcle, you need to verify the email address you used during registration. Go to your Sporcle Settings to finish the process.

Report this User

Report this user for behavior that violates our Community Guidelines.

Details: